Life After Politics (Record no. 121591)
[ view plain ]
| 000 -LEADER | |
|---|---|
| fixed length control field | 00332nam a22001097a 4500 |
| 008 - FIXED-LENGTH DATA ELEMENTS--GENERAL INFORMATION | |
| fixed length control field | 150112b xxu||||| |||| 00| 0 eng d |
| 050 ## - LIBRARY OF CONGRESS CALL NUMBER | |
| Classification number | D843.L722 1997 |
| 100 ## - MAIN ENTRY--PERSONAL NAME | |
| Personal name | Mulgan, Geoff |
| 9 (RLIN) | 4872 |
| 245 ## - TITLE STATEMENT | |
| Title | Life After Politics |
| Remainder of title | New thinking for the twenty-first century |
| Statement of responsibility, etc | Geoff Mulgan |
| 260 ## - PUBLICATION, DISTRIBUTION, ETC. (IMPRINT) | |
| Place of publication, distribution, etc | London |
| Name of publisher, distributor, etc | Fontana Press |
| Date of publication, distribution, etc | 1997 |
| Withdrawn status | Lost status | Source of classification or shelving scheme | Damaged status | Koha normalized classification for sorting | Not for loan | Koha collection | Location (home branch) | Sublocation or collection (holding branch) | Shelving location | Date acquired | Koha issues (times borrowed) | Koha full call number | Piece designation (barcode) | Koha date last seen | Koha date last borrowed | Price effective from | Koha item type |
|---|---|---|---|---|---|---|---|---|---|---|---|---|---|---|---|---|---|
| Library of Congress Classification | D_00843_L722_1997 | Main Collection | ARRUPE LIBRARY | ARRUPE LIBRARY | Main Collection | 12/01/2015 | 2 | D843.L722 1997 | 464123222 | 06/02/2015 | 27/01/2015 | 12/01/2015 | Monograph ( Printed materials) |